000 01748nam0a2200325 4500
001 RU\NLR\bibl\1956617
005 20260406022602.0
010 _a978-5-98672-176-7
010 _a978-5-7418-0621-0
_91000
035 _a(NLR Aleph) 001945694
090 _a3626300
_c3626300
100 _a20120609d2010 |||y0rusy50 ca
101 0 _arus
102 _aRU
105 _aa |||||||||
200 1 _aФизика
_eсборник заданий
_eтесты, вопросы, задачи, ответы
_eучебное пособие для студентов высших учебных заведений и слушателей подготовительных отделений, обучающихся по техническим направлениям подготовки и специальностям
_fВ.С. Пигулевский, Д.Л. Широчин
210 _aМосква
_cГорная книга
_cИзд-во Московского государственного горного университета
_d2010
215 _a332, [1] с.
_cил.
_d22
225 1 _aГотовимся к ЕГЭ
300 _aНа обороте тит. л. авт.: В.С. Пигулевский, проф., к.т.н.; Д.Л. Широчин, проф., д.ф.-м.н.
606 1 _aФизика
_jЗадачники
_9898198
_3RU\NLR\auth\665898
686 _aВ3я73-4
700 1 _aПигулевский
_bВ. С.
_gВалерий Сергеевич
_4070
701 1 _4070
_8rus
_7ca
_aШирочин
_bД. Л.
_gДмитрий Львович
_3RU\NLR\auth\77124119
_9107044
801 0 _aRU
_bNLR
_c20120609
_gRCR
801 1 _aRU
_bNLR
_c20120609
830 _aавт. раскрыты по кн.
942 _cBOOK
980 _aNB